000
00256nam a2200109Ia 4500
008
190912s9999||||xx |||||||||||||| ||und||
100
_a
Diwan, Sharma
245
0
_a
Electronic Commerce
260
_a
India
_b
Prentice Hall
_c
2000
300
_a
302
942
_c
BK
999
_c
7254
_d
7254